Aguila harpía : (Record no. 133360)

MARC details
000 -CABECERA
campo de control de longitud fija 00744nam a2200217 u 4500
005 - FECHA Y HORA DE LA ÚLTIMA TRANSACCIÓN
campo de control 20240815063719.0
008 - ELEMENTOS DE LONGITUD FIJA--INFORMACIÓN GENERAL
campo de control de longitud fija 080929s2003 ve r 000 0 spa d
020 ## - NÚMERO INTERNACIONAL NORMALIZADO PARA LIBROS
Número Internacional Estándar del Libro 9806406478
035 ## - NÚMERO DE CONTROL DEL SISTEMA
Número de control de sistema UPN01000161247
049 ## - COLECCIÓN
Colección CG
050 #4 - SIGNATURA TOPOGRÁFICA DE LA BIBLIOTECA DEL CONGRESO
Número de clasificación QL696 F3.2
Número de documento/Ítem V5.2
100 1# - ASIENTO PRINCIPAL--NOMBRE PERSONAL
Nombre de persona Villarreal, Evelin
245 10 - MENCIÓN DE TÍTULO
Título Aguila harpía :
Resto del título la reina de los bosques suramericanos /
Mención de responsabilidad, etc. Evelin Villarreal, Luis Fernando Navarrete ; il. Andrés Salazar.
260 ## - PUBLICACIÓN, DISTRIBUCIÓN, ETC.
Lugar de publicación, distribución, etc. Caracas :
Nombre del editor, distribuidor, etc. Rayuela,
Fecha de publicación, distribución, etc. 2003.
300 ## - DESCRIPCIÓN FÍSICA
Extensión 35 p. :
Otras características físicas il. col.
440 #0 - MENCIÓN DE SERIE/ASIENTO SECUNDARIO--TÍTULO
Título Econatura.
Nombre de parte o sección de la obra Especies en extinción
650 #4 - ASIENTO SECUNDARIO DE MATERIA - TERMINO TEMATICO
Término de materia o nombre geográfico como elemento de entrada AGUILAS -
Subdivisión de forma LITERATURA INFANTIL
9 (RLIN) 12505
650 #4 - ASIENTO SECUNDARIO DE MATERIA - TERMINO TEMATICO
Término de materia o nombre geográfico como elemento de entrada Animales
Subdivisión general Hábitos y comportamiento
9 (RLIN) 1059
700 1# - ASIENTO SECUNDARIO--NOMBRE DE PERSONAL
Nombre de persona Navarrete, Luis Fernando,
Término indicativo de función/relación coaut.
9 (RLIN) 36387
905 ## - TIPO DE MATERIAL
Tipo de material Libro
Holdings
Estado de retiro Estado de pérdida Fuente del sistema de clasificación o colocación Estado dañado No para préstamo Código de colección Localización permanente Ubicación/localización actual Ubicación en estantería Fecha de adquisición Clasificación Código de barras Fecha visto por última vez Número de copia Tipo de ítem Koha
    Library of Congress Classification     Infantil Bib. Gregorio Torres Quintero Bib. Gregorio Torres Quintero Sala infantil Planta baja 10/05/2023 QL696 F3.2 V5.2 255980 31/12/2020 1 Libro